[Event "I Open Distrito de Chamartin 2012"]
[Site "Madrid ESP"]
[Date "2012.09.13"]
[Round "7.19"]
[White "Rodriguez Perez, David"]
[Black "Garcia Esteban, Ignacio"]
[Result "1/2-1/2"]
[WhiteElo "2019"]
[BlackElo "1940"]
[PlyCount "114"]
[EventDate "2012.09.09"]
[EventType "swiss"]
[EventRounds "9"]
[EventCountry "ESP"]
[Source "lmi"]
[SourceDate "2012.09.09"]

1. d4 Nf6 2. Bg5 Ne4 3. Bf4 g6 4. f3 Nf6 5. Qd2 Bg7 6. e4 d6 7. Nc3 c6 8. Bh6
O-O 9. h4 Nh5 10. Nge2 e5 11. d5 Bxh6 12. Qxh6 Qf6 13. g4 Qxf3 14. Rg1 Bxg4 15.
O-O-O Bd7 16. dxc6 bxc6 17. Rxd6 Be6 18. Qg5 Nd7 19. Rd3 Qf2 20. Nd1 Qb6 21.
Ne3 Nc5 22. Ra3 Ng7 23. Qxe5 Nb3+ 24. axb3 Qxe3+ 25. Kb1 Rfd8 26. Qf4 Qc5 27.
Bg2 Nh5 28. Qc1 Qf2 29. Qe1 Qxe1+ 30. Rxe1 Bg4 31. Nc3 Nf4 32. Bh1 Rd2 33. Ra6
Rh2 34. Rxc6 Rd8 35. Rc7 Rdd2 36. Nd5 Nxd5 37. exd5 Bf5 38. Be4 Bxe4 39. Rxe4
Rxd5 40. Rxa7 Rd1+ 41. Ka2 Rhh1 42. b4 Ra1+ 43. Kb3 Rxa7 44. b5 Kf8 45. c4 Re7
46. Rd4 Ke8 47. c5 Rc1 48. Kb4 f5 49. Rd5 f4 50. b6 f3 51. Re5 f2 52. b7 Kf7
53. b8=Q Rxe5 54. Qc7+ Kf6 55. Qd6+ Kf7 56. Qc7+ Kf8 57. Qb8+ Kf7 1/2-1/2

[Event "I Open Distrito de Chamartin 2012"]
[Site "Madrid ESP"]
[Date "2012.09.13"]
[Round "7.20"]
[White "Baeza Escudero, Javier"]
[Black "Contreras Donoso, Juan Francisco"]
[Result "1-0"]
[WhiteElo "2008"]
[BlackElo "1766"]
[PlyCount "101"]
[EventDate "2012.09.09"]
[EventType "swiss"]
[EventRounds "9"]
[EventCountry "ESP"]
[Source "lmi"]
[SourceDate "2012.09.09"]

1. d4 d5 2. c4 c6 3. Nf3 Nf6 4. Nc3 e6 5. Bg5 Nbd7 6. e3 Be7 7. Bd3 b6 8. O-O
O-O 9. Rc1 Bb7 10. b3 Re8 11. Bb1 h6 12. Bf4 Nh5 13. Qd3 Nf8 14. Bg3 Nxg3 15.
fxg3 dxc4 16. bxc4 c5 17. Ne5 Bf6 18. Ng4 Bg5 19. h4 Bxe3+ 20. Qxe3 cxd4 21.
Qf4 dxc3 22. Qxf7+ Kh8 23. Qxb7 Qd4+ 24. Nf2 Qxc4 25. Qe4 Rac8 26. Nd1 Qxe4 27.
Bxe4 Rc4 28. Nxc3 Nd7 29. Bd3 Rd4 30. Bb5 a6 31. Bxa6 Nc5 32. Be2 e5 33. Nb5
Rd2 34. Bh5 Red8 35. Rfd1 Ne4 36. Rxd2 Rxd2 37. Bg6 Nc5 38. a4 e4 39. a5 e3 40.
axb6 e2 41. Re1 Rb2 42. Be8 Nd3 43. Ra1 Rd2 44. Bh5 e1=Q+ 45. Rxe1 Nxe1 46. b7
Rd8 47. Bg6 Kg8 48. Kf2 Nxg2 49. Kxg2 Kf8 50. Nd4 Rb8 51. Be4 1-0

[Event "I Open Distrito de Chamartin 2012"]
[Site "Madrid ESP"]
[Date "2012.09.13"]
[Round "7.22"]
[White "Ginesta Caballero, Olga Lucia"]
[Black "Monge Gilgado, Eva Maria"]
[Result "1-0"]
[WhiteElo "2099"]
[BlackElo "1856"]
[PlyCount "103"]
[EventDate "2012.09.09"]
[EventType "swiss"]
[EventRounds "9"]
[EventCountry "ESP"]
[Source "lmi"]
[SourceDate "2012.09.09"]

1. e4 e6 2. d3 d5 3. Nd2 Nf6 4. Ngf3 Nc6 5. Be2 dxe4 6. dxe4 e5 7. c3 Bc5 8. b4
Bd6 9. O-O a6 10. a4 O-O 11. Qc2 Be6 12. Nc4 Bxc4 13. Bxc4 Qe7 14. Bg5 h6 15.
Bh4 Nd8 16. Rad1 Ne6 17. Bxe6 Qxe6 18. Bxf6 Qxf6 19. Rd3 Rfd8 20. Rfd1 Be7 21.
Rxd8+ Rxd8 22. Rxd8+ Bxd8 23. Qd3 Qd6 24. Nxe5 Qxe5 25. Qxd8+ Kh7 26. Qd3 c5
27. b5 axb5 28. axb5 b6 29. g3 Qe7 30. Qd5 Qe8 31. c4 Qe7 32. Kg2 Qe8 33. e5
Qe7 34. Qd6 Qb7+ 35. Qc6 Qb8 36. Kf3 Qa7 37. Qe4+ Kh8 38. Qd3 Qa8+ 39. Ke3 Qa1
40. Ke4 Qa8+ 41. Qd5 Qa7 42. Qc6 Qa1 43. Qe8+ Kh7 44. Qxf7 Qd4+ 45. Kf5 Qxf2+
46. Ke6 Qd4 47. Qf4 Qd8 48. Qe4+ Kh8 49. Qd5 Qc8+ 50. Kd6 Kh7 51. e6 Qf8+ 52.
e7 1-0

[Event "I Open Distrito de Chamartin 2012"]
[Site "Madrid ESP"]
[Date "2012.09.13"]
[Round "7.23"]
[White "De La Colina Fernandez, Gerardo"]
[Black "De La Orden Alcocer, Alejandro"]
[Result "1-0"]
[WhiteElo "2016"]
[BlackElo "1857"]
[PlyCount "108"]
[EventDate "2012.09.09"]
[EventType "swiss"]
[EventRounds "9"]
[EventCountry "ESP"]
[Source "lmi"]
[SourceDate "2012.09.09"]

1. d4 Nf6 2. c4 d6 3. Nc3 g6 4. e4 Bg7 5. f3 O-O 6. Be3 c5 7. d5 Na6 8. Bd3 Nb4
9. Nge2 Nd7 10. Bb1 Ne5 11. b3 Na6 12. O-O Nc7 13. a4 b6 14. Ra2 a6 15. Qc1 Re8
16. h3 Rb8 17. f4 Nd7 18. Bd3 Rf8 19. g4 e6 20. Ng3 Qh4 21. Kg2 Qe7 22. Re2 e5
23. f5 f6 24. h4 Bb7 25. Kf2 Kf7 26. g5 Rh8 27. Ke1 Rbf8 28. h5 gxh5 29. Nxh5
Ke8 30. Ref2 Kd8 31. Be2 Ne8 32. g6 Rfg8 33. Ng3 Bf8 34. Bg4 Bg7 35. Ke2 Nf8
36. Bh5 Bc8 37. a5 hxg6 38. fxg6 Rxh5 39. Nxh5 Bg4+ 40. Kd3 Bxh5 41. axb6 Bxg6
42. Ra2 Qb7 43. Qa1 Nd7 44. Rxa6 f5 45. exf5 Rf8 46. Bg5+ Kc8 47. Ra7 Qxb6 48.
Ra8+ Kb7 49. Bd8 e4+ 50. Kc2 Bxc3 51. Kxc3 Qb4+ 52. Kc2 Nb8 53. Ba5 Kxa8 54.
Bxb4+ Kb7 1-0

[Event "I Open Distrito de Chamartin 2012"]
[Site "Madrid ESP"]
[Date "2012.09.13"]
[Round "7.24"]
[White "Garcia Galeote, Lorenzo"]
[Black "Pardo Vaquero, Ignacio"]
[Result "1-0"]
[WhiteElo "2013"]
[BlackElo "1756"]
[PlyCount "55"]
[EventDate "2012.09.09"]
[EventType "swiss"]
[EventRounds "9"]
[EventCountry "ESP"]
[Source "lmi"]
[SourceDate "2012.09.09"]

1. Nf3 Nf6 2. b3 d6 3. d4 Nbd7 4. Bb2 c6 5. Nbd2 Qc7 6. e4 e5 7. dxe5 Nxe5 8.
Nxe5 dxe5 9. Bd3 b5 10. a4 Bd7 11. O-O Bd6 12. Qe2 Qb6 13. axb5 cxb5 14. Nf3
Qb8 15. Ra6 O-O 16. Rfa1 Rc8 17. h3 Bc6 18. Qe3 Qb7 19. Nxe5 Bxe5 20. Bxe5 Bxe4
21. Rxf6 Bxd3 22. cxd3 gxf6 23. Bxf6 Rc6 24. Qg5+ Kf8 25. Qg7+ Ke8 26. Re1+ Kd7
27. Re7+ Kd6 28. Rxb7 1-0

[Event "I Open Distrito de Chamartin 2012"]
[Site "Madrid ESP"]
[Date "2012.09.13"]
[Round "7.25"]
[White "Gonzalez Pabollet, Jesus Maria"]
[Black "Moreno Sanchez, Guillermo"]
[Result "1-0"]
[WhiteElo "1978"]
[BlackElo "1635"]
[PlyCount "57"]
[EventDate "2012.09.09"]
[EventType "swiss"]
[EventRounds "9"]
[EventCountry "ESP"]
[Source "lmi"]
[SourceDate "2012.09.09"]

1. e4 c5 2. Nf3 d6 3. d4 cxd4 4. Nxd4 Nf6 5. Nc3 a6 6. Be2 e6 7. Be3 Be7 8. Qd2
b5 9. a3 Bb7 10. f3 Qc7 11. O-O O-O 12. Rac1 Nbd7 13. Rfd1 Rad8 14. Kh1 Nb8 15.
Bd3 Nbd7 16. Qf2 Ne8 17. f4 Ba8 18. Nf3 Nef6 19. Qg3 Nh5 20. Qh3 g6 21. f5 Ne5
22. fxe6 Bb7 23. Nd5 Bxd5 24. exd5 Nxf3 25. gxf3 Rde8 26. Rg1 Qc8 27. Qxh5 fxe6
28. Rxg6+ Kh8 29. Rg8+ 1-0

[Event "I Open Distrito de Chamartin 2012"]
[Site "Madrid ESP"]
[Date "2012.09.13"]
[Round "7.26"]
[White "Narro Jimenez, Jose Reyes"]
[Black "Rodriguez Dorado, Victor"]
[Result "0-1"]
[WhiteElo "1835"]
[BlackElo "1958"]
[PlyCount "78"]
[EventDate "2012.09.09"]
[EventType "swiss"]
[EventRounds "9"]
[EventCountry "ESP"]
[Source "lmi"]
[SourceDate "2012.09.09"]

1. e4 c6 2. d4 d5 3. Nc3 b5 4. a3 dxe4 5. Nxe4 Nf6 6. Nxf6+ exf6 7. Nf3 Bd6 8.
Bd3 O-O 9. O-O Bb7 10. Be3 Nd7 11. c3 a6 12. Qc2 h6 13. Nh4 Nb6 14. Nf5 Nd5 15.
Qe2 Bf4 16. g3 Bxe3 17. fxe3 Bc8 18. e4 Ne7 19. Nxe7+ Qxe7 20. Qh5 f5 21. e5 c5
22. Qf3 Bb7 23. Qxf5 g6 24. Qf4 cxd4 25. cxd4 Qd7 26. Be2 Rac8 27. Rac1 Rxc1
28. Rxc1 Qd5 29. Kf2 Qg2+ 30. Ke1 Rd8 31. Rc7 Bd5 32. Qxh6 Qg1+ 33. Bf1 Qxd4
34. Qf4 Qxb2 35. Qf6 Qa1+ 36. Kf2 Qd4+ 37. Ke1 Be6 38. Qg5 Rd5 39. Be2 Rxe5 0-1

[Event "I Open Distrito de Chamartin 2012"]
[Site "Madrid ESP"]
[Date "2012.09.13"]
[Round "7.27"]
[White "Cerrato Torrijos, Javier"]
[Black "Marcos Herrero, Francisco"]
[Result "1/2-1/2"]
[WhiteElo "1718"]
[BlackElo "1937"]
[PlyCount "57"]
[EventDate "2012.09.09"]
[EventType "swiss"]
[EventRounds "9"]
[EventCountry "ESP"]
[Source "lmi"]
[SourceDate "2012.09.09"]

1. e4 c5 2. Nf3 Nc6 3. d4 cxd4 4. Nxd4 g6 5. Nc3 Bg7 6. Be3 Nf6 7. Nb3 O-O 8.
Be2 d5 9. exd5 Nb4 10. Bf3 Bf5 11. Nd4 Qd7 12. a3 Na6 13. Nxf5 Qxf5 14. d6 Rad8
15. Qe2 Rxd6 16. Bxb7 Ng4 17. Bxa6 Nxe3 18. fxe3 Bxc3+ 19. bxc3 Qa5 20. O-O
Qxa6 21. Qxa6 Rxa6 22. Rfd1 Rc8 23. Rd7 e6 24. Rb1 e5 25. Rbb7 Rf6 26. Rdc7 Rd8
27. Rd7 Rc8 28. Rdc7 Rd8 29. Rd7 1/2-1/2

[Event "I Open Distrito de Chamartin 2012"]
[Site "Madrid ESP"]
[Date "2012.09.13"]
[Round "7.28"]
[White "Largo Barbero, Benito"]
[Black "Martin Garcia, Francisco Javier"]
[Result "1-0"]
[WhiteElo "1885"]
[BlackElo "1609"]
[PlyCount "73"]
[EventDate "2012.09.09"]
[EventType "swiss"]
[EventRounds "9"]
[EventCountry "ESP"]
[Source "lmi"]
[SourceDate "2012.09.09"]

1. d4 d5 2. Bf4 e6 3. Nf3 c6 4. e3 f5 5. Nbd2 Nf6 6. Ne5 Be7 7. h3 Nbd7 8. Ndf3
Ne4 9. c3 O-O 10. Qc2 Ndf6 11. Be2 Bd7 12. Nh2 Be8 13. Nf1 Nxf2 14. Kxf2 Ne4+
15. Ke1 Bh4+ 16. g3 g5 17. gxh4 gxf4 18. Rg1+ Kh8 19. Nf3 Bh5 20. Ng5 f3 21.
Bxf3 Bxf3 22. Nxf3 f4 23. Qg2 Rf7 24. exf4 Qf6 25. Qg4 Qh6 26. Ng5 Rg7 27. Ng3
Qg6 28. h5 Qe8 29. N3xe4 dxe4 30. h6 Rg6 31. Kd2 c5 32. f5 e3+ 33. Kc2 exf5 34.
Qxf5 cxd4 35. Nf7+ Kg8 36. Rxg6+ Kf8 37. Nd6+ 1-0

[Event "I Open Distrito de Chamartin 2012"]
[Site "Madrid ESP"]
[Date "2012.09.13"]
[Round "7.29"]
[White "Lozano Sanchez, Jose Antonio"]
[Black "Sotres Menendez, Raul"]
[Result "1-0"]
[WhiteElo "1873"]
[BlackElo "1599"]
[PlyCount "74"]
[EventDate "2012.09.09"]
[EventType "swiss"]
[EventRounds "9"]
[EventCountry "ESP"]
[Source "lmi"]
[SourceDate "2012.09.09"]

1. e4 c5 2. Nf3 d6 3. Bc4 Nf6 4. Nc3 e6 5. d3 Be7 6. O-O O-O 7. Bf4 Nc6 8. a3
b6 9. h3 Bb7 10. e5 Nxe5 11. Nxe5 dxe5 12. Bxe5 Bd6 13. Re1 Bxe5 14. Rxe5 Qd6
15. Qe2 Rfe8 16. Re1 Bc6 17. Qd2 Nd5 18. Nb5 Qd7 19. Nc3 Rad8 20. Ne2 h6 21.
Ng3 Nf6 22. b4 Bd5 23. Qc3 cxb4 24. Qxb4 Bxc4 25. Qxc4 Rc8 26. Qb3 Qc6 27. c4
Nd7 28. R5e3 Nc5 29. Qb2 Rcd8 30. Nh5 f6 31. Rg3 e5 32. Nxg7 Re7 33. Ne6+ Kh7
34. Nxd8 Qd7 35. d4 exd4 36. Rxe7+ Qxe7 37. Qxd4 Qe1+ 1-0

[Event "I Open Distrito de Chamartin 2012"]
[Site "Madrid ESP"]
[Date "2012.09.13"]
[Round "7.30"]
[White "Garcia Saez, Juan Carlos"]
[Black "Martinez Rubio, Felipe"]
[Result "1-0"]
[WhiteElo "2004"]
[BlackElo "1835"]
[PlyCount "111"]
[EventDate "2012.09.09"]
[EventType "swiss"]
[EventRounds "9"]
[EventCountry "ESP"]
[Source "lmi"]
[SourceDate "2012.09.09"]

1. e4 c5 2. c3 d5 3. e5 c4 4. d3 cxd3 5. Bxd3 Nc6 6. Nf3 e6 7. O-O a6 8. Re1
Nge7 9. Bg5 Qb6 10. Qd2 Ng6 11. Be3 Bc5 12. Bxc5 Qxc5 13. Na3 b5 14. Nc2 Bd7
15. h4 h6 16. h5 Nge7 17. Qf4 Nc8 18. Re3 Qe7 19. Ncd4 Nb6 20. b3 Rc8 21. Nxc6
Rxc6 22. Rc1 Qa3 23. Rc2 Rc7 24. Qg4 Qf8 25. Nh4 Kd8 26. Rg3 f5 27. Qxg7 Be8
28. Qxf8 Rxf8 29. Be2 Nd7 30. f4 Nc5 31. Bd1 Ne4 32. Rd3 Rg8 33. c4 bxc4 34.
bxc4 Ba4 35. Rc1 Bxd1 36. Rdxd1 Ng3 37. Kf2 Nxh5 38. cxd5 Rxc1 39. Rxc1 exd5
40. Rc6 Nxf4 41. Rxa6 Rg5 42. Ke3 Nxg2+ 43. Nxg2 Rxg2 44. Kd4 Rd2+ 45. Kc5 f4
46. Kd6 Kc8 47. Ra8+ Kb7 48. Rf8 Rxa2 49. e6 Ra6+ 50. Kd7 Rc6 51. e7 Rc7+ 52.
Kd6 Rxe7 53. Kxe7 Kc6 54. Ke6 d4 55. Ke5 d3 56. Rxf4 1-0

[Event "I Open Distrito de Chamartin 2012"]
[Site "Madrid ESP"]
[Date "2012.09.13"]
[Round "7.31"]
[White "Morera Rodriguez, Ignacio"]
[Black "Lopez Moll, Jose Manuel"]
[Result "0-1"]
[WhiteElo "1800"]
[BlackElo "1991"]
[PlyCount "44"]
[EventDate "2012.09.09"]
[EventType "swiss"]
[EventRounds "9"]
[EventCountry "ESP"]
[Source "lmi"]
[SourceDate "2012.09.09"]

1. d4 d6 2. Nf3 f5 3. g3 g6 4. Bg2 Bg7 5. O-O Nf6 6. c4 O-O 7. Nc3 c6 8. Qc2
Qe8 9. Bf4 Nh5 10. Bd2 e5 11. d5 e4 12. Ng5 h6 13. Nh3 g5 14. dxc6 bxc6 15. Nd1
f4 16. g4 f3 17. exf3 exf3 18. Re1 Qf7 19. Bf1 Bxg4 20. Qe4 Qd7 21. Qg6 Nf6 22.
Bc3 Bf5 0-1

[Event "I Open Distrito de Chamartin 2012"]
[Site "Madrid ESP"]
[Date "2012.09.13"]
[Round "7.32"]
[White "Useche Ramirez, Maryorit K"]
[Black "Cucarella Montell, Angels"]
[Result "0-1"]
[WhiteElo "1788"]
[BlackElo "1967"]
[PlyCount "78"]
[EventDate "2012.09.09"]
[EventType "swiss"]
[EventRounds "9"]
[EventCountry "ESP"]
[Source "lmi"]
[SourceDate "2012.09.09"]

1. e4 c5 2. g3 d5 3. e5 Nc6 4. f4 g6 5. Bg2 Bg7 6. c3 d4 7. Nf3 Nh6 8. O-O O-O
9. Qb3 Rb8 10. Ng5 Na5 11. Qb5 b6 12. Na3 f6 13. Nf3 Bb7 14. Qe2 Nc6 15. d3 Qc7
16. Nb5 Qd7 17. a4 Rbd8 18. c4 a6 19. Na3 Na5 20. e6 Qxa4 21. Bd2 Qc6 22. Bxa5
bxa5 23. Nh4 Qb6 24. Bxb7 Qxb7 25. f5 gxf5 26. Nxf5 Nxf5 27. Rxf5 Bh6 28. h4
Be3+ 29. Kh2 Rd6 30. Rxc5 Qb6 31. Rh5 Rxe6 32. c5 Qc6 33. Qg4+ Kh8 34. Qf5 Rf7
35. Nc4 Rg7 36. Rxa5 Bd2 37. Qd5 Qc7 38. Ne5 Rxe5 39. Rxe5 Bxa5 0-1

[Event "I Open Distrito de Chamartin 2012"]
[Site "Madrid ESP"]
[Date "2012.09.13"]
[Round "7.33"]
[White "Lopez Ziegler, Carlos"]
[Black "Maseda Iglesias, Luis"]
[Result "1/2-1/2"]
[WhiteElo "1918"]
[BlackElo "1734"]
[PlyCount "48"]
[EventDate "2012.09.09"]
[EventType "swiss"]
[EventRounds "9"]
[EventCountry "ESP"]
[Source "lmi"]
[SourceDate "2012.09.09"]

1. e4 c6 2. d4 d5 3. exd5 cxd5 4. Bd3 Nc6 5. c3 Qc7 6. Ne2 Bg4 7. f3 Bh5 8. Na3
a6 9. Bf4 e5 10. dxe5 Bxa3 11. bxa3 Nxe5 12. Bxe5 Qxe5 13. Qa4+ Kd8 14. Rd1 Nf6
15. O-O Kc7 16. c4 d4 17. Ng3 Bg6 18. Rfe1 Qc5 19. Qb4 Kc6 20. Re7 b6 21. Ne4
Nxe4 22. Bxe4+ Kd6 23. Bxa8 Kxe7 24. Bd5 Kd6 1/2-1/2

[Event "I Open Distrito de Chamartin 2012"]
[Site "Madrid ESP"]
[Date "2012.09.13"]
[Round "7.34"]
[White "Orantes Sanz, Ricardo"]
[Black "Camarero Izquierdo, Juan C"]
[Result "0-1"]
[WhiteElo "1604"]
[BlackElo "1899"]
[PlyCount "70"]
[EventDate "2012.09.09"]
[EventType "swiss"]
[EventRounds "9"]
[EventCountry "ESP"]
[Source "lmi"]
[SourceDate "2012.09.09"]

1. Nf3 d5 2. c4 d4 3. b4 g6 4. d3 Bg7 5. g3 e5 6. Bb2 f5 7. e3 dxe3 8. fxe3 Qe7
9. a3 Nh6 10. Nc3 O-O 11. Bg2 Ng4 12. Nd5 Qd6 13. Ng5 h6 14. c5 Qd8 15. Qb3
Qxg5 16. h4 Qd8 17. Nf6+ Kh8 18. Nxg4 fxg4 19. Ke2 Nc6 20. b5 Ne7 21. e4 c6 22.
a4 Bd7 23. Qc4 b6 24. d4 cxb5 25. axb5 exd4 26. Bxd4 bxc5 27. Bxg7+ Kxg7 28.
Rhd1 Qe8 29. Rab1 Rb8 30. Rxd7 Qxd7 31. Qxc5 Rbc8 32. Qe5+ Kh7 33. Ke3 Nf5+ 34.
exf5 Rfe8 35. fxg6+ Kg8 0-1

[Event "I Open Distrito de Chamartin 2012"]
[Site "Madrid ESP"]
[Date "2012.09.13"]
[Round "7.35"]
[White "Santamaria Baeza, Adolfo"]
[Black "Moreno Zamora, Gregorio"]
[Result "1-0"]
[WhiteElo "1897"]
[BlackElo "1724"]
[PlyCount "122"]
[EventDate "2012.09.09"]
[EventType "swiss"]
[EventRounds "9"]
[EventCountry "ESP"]
[Source "lmi"]
[SourceDate "2012.09.09"]

1. e4 c6 2. d4 d5 3. exd5 cxd5 4. Nf3 Nc6 5. Be3 Nf6 6. Nbd2 Bf5 7. c4 e6 8. c5
Be7 9. Bb5 O-O 10. Bxc6 bxc6 11. Qa4 Qc7 12. b4 Rab8 13. Ne5 Rfc8 14. Bf4 Qb7
15. a3 Nh5 16. Be3 f6 17. Nef3 e5 18. Nh4 Bd7 19. Qd1 g6 20. g4 Nf4 21. Bxf4
exf4 22. Ng2 Re8 23. O-O Qc7 24. Qf3 g5 25. Rfe1 Bf8 26. Rxe8 Rxe8 27. a4 Qb7
28. Rb1 a6 29. Nf1 Bg7 30. h4 h6 31. Nh2 Re4 32. Qd3 f5 33. hxg5 Rxd4 34. Qh3
fxg4 35. Nxg4 hxg5 36. Nh6+ Kf8 37. Qh5 Be8 38. Qxg5 Bxh6 39. Qxh6+ Qg7 40.
Qxg7+ Kxg7 41. Nh4 Kf6 42. Kg2 Rc4 43. Rb2 Bd7 44. Nf3 Kf5 45. Nd2 Rc3 46. Nb3
Ke4 47. Kf1 Kd3 48. Ke1 d4 49. Rd2+ Kc4 50. Nxd4 Kxb4 51. Ne2 Rxc5 52. Rxd7
Kxa4 53. Nxf4 a5 54. Kd2 Ka3 55. Nd3 Rf5 56. Rc7 Rf6 57. Kc3 a4 58. f4 Ka2 59.
Re7 Rf5 60. Re4 Rb5 61. Rxa4+ Kb1 1-0

[Event "I Open Distrito de Chamartin 2012"]
[Site "Madrid ESP"]
[Date "2012.09.13"]
[Round "7.37"]
[White "Matesanz Bonastre, Rafael"]
[Black "Corredor San Jose, Antonio"]
[Result "0-1"]
[WhiteElo "1631"]
[BlackElo "1838"]
[PlyCount "54"]
[EventDate "2012.09.09"]
[EventType "swiss"]
[EventRounds "9"]
[EventCountry "ESP"]
[Source "lmi"]
[SourceDate "2012.09.09"]

1. d4 Nf6 2. c4 e6 3. Nc3 Bb4 4. Qc2 c5 5. e3 Nc6 6. Nf3 O-O 7. a3 Bxc3+ 8.
Qxc3 b6 9. Bd3 Bb7 10. Qc2 Rc8 11. dxc5 bxc5 12. O-O Qe7 13. e4 e5 14. Bg5 h6
15. Bh4 Qe6 16. Rad1 g5 17. Bg3 Nh5 18. Qc3 Nf4 19. Bxf4 gxf4 20. Nh4 Nd4 21.
Nf5 Bxe4 22. Nxd4 cxd4 23. Qd2 Bxg2 24. Kxg2 Qg4+ 25. Kh1 Qf3+ 26. Kg1 Kh8 27.
Bh7 Rg8+ 0-1

[Event "I Open Distrito de Chamartin 2012"]
[Site "Madrid ESP"]
[Date "2012.09.13"]
[Round "7.38"]
[White "Salgado Duarte, Pablo"]
[Black "Juberias Guillen, Paloma"]
[Result "0-1"]
[WhiteElo "1579"]
[BlackElo "1788"]
[PlyCount "62"]
[EventDate "2012.09.09"]
[EventType "swiss"]
[EventRounds "9"]
[EventCountry "ESP"]
[Source "lmi"]
[SourceDate "2012.09.09"]

1. d4 d5 2. c4 e6 3. Nf3 c6 4. Nc3 Nf6 5. Bg5 Nbd7 6. e4 dxe4 7. Nxe4 Qa5+ 8.
Bd2 Qc7 9. Bd3 Nxe4 10. Bxe4 Nf6 11. Bd3 c5 12. Bc3 cxd4 13. Nxd4 Bc5 14. O-O
O-O 15. h3 Rd8 16. Nb5 Qe7 17. Qc2 h6 18. Rfe1 b6 19. Be5 Bb7 20. Nc7 Rac8 21.
Nb5 a6 22. Nc3 Qd7 23. Bxf6 Qxd3 24. Qxd3 Rxd3 25. Be5 Rd2 26. Re2 Rcd8 27.
Rxd2 Rxd2 28. Bg3 Rd4 29. b3 Rd3 30. Na4 Rxg3 31. Nxc5 Rxg2+ 0-1

[Event "I Open Distrito de Chamartin 2012"]
[Site "Madrid ESP"]
[Date "2012.09.13"]
[Round "7.39"]
[White "Sorribes Calle, Pablo"]
[Black "Lopez Garralon, Jorge"]
[Result "1-0"]
[WhiteElo "1677"]
[BlackElo "1264"]
[PlyCount "59"]
[EventDate "2012.09.09"]
[EventType "swiss"]
[EventRounds "9"]
[EventCountry "ESP"]
[Source "lmi"]
[SourceDate "2012.09.09"]

1. d4 d6 2. c4 Nf6 3. Bg5 Nbd7 4. Nc3 c6 5. e4 e5 6. d5 Be7 7. Bxf6 Nxf6 8. a3
a5 9. Bd3 Qb6 10. Qc2 Nd7 11. Na4 Qc7 12. Ne2 O-O 13. O-O Bg5 14. f4 exf4 15.
Nxf4 Ne5 16. Be2 Bd7 17. Kh1 f5 18. Ne6 Bxe6 19. dxe6 f4 20. c5 Rad8 21. b4
Rfe8 22. Rad1 axb4 23. Qb3 Kh8 24. axb4 Qe7 25. Rd4 Ng4 26. Bxg4 Bf6 27. cxd6
Rxd6 28. Rxd6 Qxd6 29. Rd1 Qe5 30. Qd3 1-0

[Event "I Open Distrito de Chamartin 2012"]
[Site "Madrid ESP"]
[Date "2012.09.13"]
[Round "7.42"]
[White "Aguado Rodriguez, Guillermo"]
[Black "Barria Arbunic, Manuel"]
[Result "1/2-1/2"]
[WhiteElo "1881"]
[BlackElo "1470"]
[PlyCount "58"]
[EventDate "2012.09.09"]
[EventType "swiss"]
[EventRounds "9"]
[EventCountry "ESP"]
[Source "lmi"]
[SourceDate "2012.09.09"]

1. d4 Nf6 2. Nf3 e6 3. Bf4 c5 4. c3 cxd4 5. cxd4 b6 6. e3 Bb7 7. h3 d6 8. Nc3
a6 9. Bd3 Be7 10. O-O Nbd7 11. e4 O-O 12. Rc1 Rc8 13. Qe2 b5 14. e5 dxe5 15.
dxe5 Nd5 16. Nxd5 Bxd5 17. Bb1 Re8 18. Rfd1 Qb6 19. Qd3 g6 20. h4 Bxf3 21. Rxc8
Rxc8 22. Qxf3 Rd8 23. h5 Nf8 24. Rc1 Qd4 25. hxg6 hxg6 26. b3 Ba3 27. Re1 Bb4
28. Rc1 Ba3 29. Re1 Bb4 1/2-1/2

[Event "I Open Distrito de Chamartin 2012"]
[Site "Madrid ESP"]
[Date "2012.09.13"]
[Round "7.43"]
[White "Sanchez Tapia, Luis G"]
[Black "Garceran Izquierdo, Ruben"]
[Result "0-1"]
[WhiteElo "1605"]
[BlackElo "1719"]
[PlyCount "110"]
[EventDate "2012.09.09"]
[EventType "swiss"]
[EventRounds "9"]
[EventCountry "ESP"]
[Source "lmi"]
[SourceDate "2012.09.09"]

1. Nf3 c5 2. c4 Nf6 3. Nc3 g6 4. g3 Bg7 5. Bg2 O-O 6. O-O Nc6 7. d3 d6 8. Re1
Ng4 9. Bd2 Nge5 10. Qc1 Nxf3+ 11. Bxf3 Nd4 12. Bg2 Rb8 13. e3 Nc6 14. a3 Bd7
15. Ne2 Ne5 16. Qc2 Bg4 17. Bc3 Nf3+ 18. Bxf3 Bxf3 19. h3 Qd7 20. Kh2 e5 21.
Ng1 Bc6 22. e4 Rbe8 23. Bd2 f5 24. f3 Qe6 25. Rf1 Bd7 26. b3 h6 27. Rae1 Kh7
28. a4 Rf7 29. Re2 Ref8 30. Ref2 fxe4 31. dxe4 h5 32. Qc1 a6 33. a5 Bc6 34. Kg2
Rb8 35. b4 cxb4 36. Bxb4 Rc8 37. Rd1 Bb5 38. Rxd6 Qxc4 39. Qxc4 Rxc4 40. Bd2
Rd4 41. Rxd4 exd4 42. f4 Bc6 43. Kf3 Re7 44. Re2 d3 45. Re1 Bd4 46. Kg2 Rxe4
47. Rxe4 Bxe4+ 48. Nf3 Kg7 49. g4 h4 50. f5 gxf5 51. gxf5 b5 52. axb6 Bxb6 53.
Bc3+ Kf7 54. Bd2 a5 55. Bf4 a4 0-1

[Event "I Open Distrito de Chamartin 2012"]
[Site "Madrid ESP"]
[Date "2012.09.13"]
[Round "7.44"]
[White "Picazo Sancho, Alvaro"]
[Black "Algaba Traspuesto, Jose Antonio"]
[Result "1-0"]
[WhiteElo "1481"]
[BlackElo "1646"]
[PlyCount "43"]
[EventDate "2012.09.09"]
[EventType "swiss"]
[EventRounds "9"]
[EventCountry "ESP"]
[Source "lmi"]
[SourceDate "2012.09.09"]

1. e4 d5 2. exd5 Nf6 3. Nf3 Nxd5 4. Bc4 Bg4 5. Nc3 e6 6. Bxd5 exd5 7. Qe2+ Be7
8. Qb5+ Bd7 9. Qxd5 O-O 10. O-O Nc6 11. a3 Bf6 12. Ne4 Be7 13. Ne5 Nxe5 14.
Qxe5 Re8 15. d3 Bc6 16. Bf4 Bd6 17. Qf5 Bd7 18. Qg5 Bxf4 19. Qxf4 Bc6 20. h3
Qd5 21. Qg3 Re7 22. Nf6+ 1-0

[Event "I Open Distrito de Chamartin 2012"]
[Site "Madrid ESP"]
[Date "2012.09.14"]
[Round "8.1"]
[White "Barria Zuniga, Daniel"]
[Black "Elissalt Cardenas, Hector"]
[Result "1/2-1/2"]
[WhiteElo "2432"]
[BlackElo "2353"]
[PlyCount "63"]
[EventDate "2012.09.09"]
[EventType "swiss"]
[EventRounds "9"]
[EventCountry "ESP"]
[Source "lmi"]
[SourceDate "2012.09.09"]

1. d4 Nf6 2. c4 c5 3. Nf3 cxd4 4. Nxd4 b6 5. Nc3 Bb7 6. f3 d6 7. e4 e6 8. Be3
a6 9. Be2 Nbd7 10. Qd2 Be7 11. O-O O-O 12. Rfd1 Qc7 13. Rac1 Rac8 14. Bf1 Qb8
15. Kh1 Rfe8 16. Bg1 Bd8 17. Nc2 Bc7 18. Ne3 Ne5 19. Qf2 Red8 20. Rc2 Qa8 21.
Rcd2 h6 22. Rd4 Nc6 23. R4d2 Ne5 24. Qh4 Ng6 25. Qf2 Ne5 26. Rd4 Nc6 27. R4d2
Ne5 28. Qh4 Ng6 29. Qf2 Ne5 30. Rd4 Nc6 31. R4d2 Ne5 32. Qh4 1/2-1/2